5HLuxD.jpg

KING HENRY VIII SENIOR AND PRIMARY SCHOOL LIBRARY OPAC

Twilight / (Record no. 1074)

000 -LEADER
fixed length control field 01161cam a22003252a 4500
001 - CONTROL NUMBER
control field .b14202645
003 - CONTROL NUMBER IDENTIFIER
control field OSt
005 - DATE AND TIME OF LATEST TRANSACTION
control field 20210528095334.0
008 - FIXED-LENGTH DATA ELEMENTS--GENERAL INFORMATION
fixed length control field 151025s2015 nyuab c 000 1 eng
020 ## - INTERNATIONAL STANDARD BOOK NUMBER
International Standard Book Number 0062367064
020 ## - INTERNATIONAL STANDARD BOOK NUMBER
International Standard Book Number 9780062367068
Qualifying information (pbk.) :
020 ## - INTERNATIONAL STANDARD BOOK NUMBER
International Standard Book Number 9780062367150
Qualifying information Box set
040 ## - CATALOGING SOURCE
Original cataloging agency KUAS
Language of cataloging eng
Transcribing agency DIPPER
Description conventions rda
041 0# - LANGUAGE CODE
Language code of text/sound track or separate title eng
042 ## - AUTHENTICATION CODE
Authentication code nbic
082 ## - DEWEY DECIMAL CLASSIFICATION NUMBER
Classification number FIC HUN
100 1# - MAIN ENTRY--PERSONAL NAME
Personal name Hunter, Erin,
Relator term author.
245 10 - TITLE STATEMENT
Title Twilight /
Statement of responsibility, etc. Erin Hunter.
250 ## - EDITION STATEMENT
Edition statement Revised paperback edition.
260 ## - PUBLICATION, DISTRIBUTION, ETC.
Place of publication, distribution, etc. New York, NY :
Name of publisher, distributor, etc. Harper, an imprint of HarperCollins Publishers,
Date of publication, distribution, etc. 2015.
300 ## - PHYSICAL DESCRIPTION
Extent 319, 14 pages :
Other physical details illustrations, maps ;
Dimensions 20 cm.
490 1# - SERIES STATEMENT
Series statement Warriors, the new prophecy ;
Volume/sequential designation book 5.
520 ## - SUMMARY, ETC.
Summary, etc. After the warrior cat Clans settle into their new homes, the harmony they once had disappears as the clans start fighting each other, until the day their common enemy--the badger--invades their territory.
650 #0 - SUBJECT ADDED ENTRY--TOPICAL TERM
Topical term or geographic name entry element Badgers
General subdivision Fiction.
650 #0 - SUBJECT ADDED ENTRY--TOPICAL TERM
Topical term or geographic name entry element Cats
General subdivision Fiction.
650 #0 - SUBJECT ADDED ENTRY--TOPICAL TERM
Topical term or geographic name entry element Cats
General subdivision Juvenile fiction.
650 #0 - SUBJECT ADDED ENTRY--TOPICAL TERM
Topical term or geographic name entry element Fantasy.
800 1# - SERIES ADDED ENTRY--PERSONAL NAME
Personal name Hunter, Erin.
Title of a work Warriors, the new prophecy ;
Volume/sequential designation book 5.
942 ## - ADDED ENTRY ELEMENTS (KOHA)
Source of classification or shelving scheme
Koha item type Books - Fiction
Holdings
Withdrawn status Lost status Source of classification or shelving scheme Damaged status Not for loan Collection code Permanent Location Current Location Shelving location Date acquired Total Checkouts Full call number Barcode Date last seen Date last checked out Price effective from Koha item type
          Fiction KH8 Senior School Library KH8 Senior School Library Fiction 2021-05-28 1 FIC HUN 3KHSL000101801 2024-09-09 2024-09-05 2021-05-28 Books - Fiction

Powered By KH8 IT Dept